000 00616nam a2200205Ia 4500
003 OSt
005 20220927112336.0
006 a|||||r|||| 00| 0
007 ta
008 220926b |||||||| |||| 00| 0 eng d
024 _a153682
037 _cReports
040 _aRTL
_cRTL
_beng
041 _2eng
_aeng
082 _a"Z231,211,3.N48, J8;2"
100 _aDesai M.B
_9383572
245 0 _a"Report on an enquiry into the working of the Bombay tenancy and Agricultural lands, 1948 in Gujarat Baroda District"
942 _h"Z231,211,3.N48, J8;2"
_cCC
999 _c700119
_d700119